The Fungi which cause plant disease

Đã lưu trong:
書目詳細資料
主要作者: Stevens, F.L.
格式: 圖書
語言:Undetermined
出版: New York The Macmilan Company 1921
主題:
標簽: 添加標簽
沒有標簽, 成為第一個標記此記錄!
Thư viện lưu trữ: Trung tâm Học liệu Trường Đại học Cần Thơ
LEADER 00541nam a2200181Ia 4500
001 CTU_168076
008 210402s9999 xx 000 0 und d
082 |a 632.952 
082 |b S844 
100 |a Stevens, F.L. 
245 4 |a The Fungi which cause plant disease 
245 0 |c F.L. Stevens 
260 |a New York 
260 |b The Macmilan Company 
260 |c 1921 
650 |a Fungicides,Plants, protection of,Bảo vệ cây trồng,Nấm học 
910 |a Nguyên 
980 |a Trung tâm Học liệu Trường Đại học Cần Thơ